Top 15 dei paesi con decessi Covid-19 - 8 mar 2021 - Statistics

Statistiche generali
  • Questo quiz è stato fatto 3 volte
  • Il punteggio medio è 14 su 24
Statistiche sulle risposte
paese % Corretto
Argentina
100%
Belgio
100%
Brasile
100%
Francia
100%
Germania
100%
Italia
100%
Portogallo
100%
Spagna
100%
Stati Uniti
100%
Bosnia ed Erzegovina
50%
Iran
50%
Messico
50%
Perù
50%
Regno Unito
50%
Russia
50%
Slovacchia
50%
Slovenia
50%
Sudafrica
50%
Bulgaria
0%
Cechia
0%
Colombia
0%
India
0%
Macedonia del Nord
0%
Ungheria
0%
Nessun quiz corrispondente trovato
Distribuzione punteggi
Percentuale di utenti per punteggio
Percentile per numero di risposta
I tuoi punteggi nel tempo
Non hai fatto questo quiz